Statystyki dla Anagramy światowych rzek #1

Kliknij tutaj aby rozwiązać quiz!

Ogólne statystyki

  • Ten quiz został rozwiązany 30 razy
  • Średni wynik to 9 z 10

Statystyki odpowiedzi

AnagramOdpowiedź% Poprawnych
UJDNADUNAJ
100%
SSPIIMISIMISSISIPI
100%
ILNNIL
100%
SAWIŁWISŁA
100%
MENEINNIEMEN
95%
YTYSRGTYGRYS
95%
GŁOWAWOŁGA
95%
PRENDIDNIEPR
90%
ZAOKNAMAAMAZONKA
85%
RATUFEEUFRAT
85%

Rozkład punktacji

Percentyl według liczby udzielonych odpowiedzi

Procent ludzi z każdym wynikiem

Twoja historia wyników

Nie rozwiązałeś tego quizu